000 00906cam a2200253 i 4500
001 bg
003 KOSZ 005
005 20230215134016.0
008 980713s1997 pl d |000 0 lat
015 _aPB 1997/13021
020 _a8371951523
040 _aWA N
_cKOSZ 005/RW
_dKOSZ 005/HR
041 0 _alat
_apol
080 _a811.124:811.162.1'374
100 1 _aKumaniecki, Kazimierz Feliks
_d(1905-1977)
_eAutor
245 1 0 _aSłownik łacińsko-polski :
_bwg słownika Hermana Mengego i Henryka Kopii /
_coprac. Kazimierz Kumaniecki.
250 _a[Wyd. 21].
260 _aWarszawa :
_bWydaw. Szkolne PWN,
_c1997.
300 _aVIII, 545, [7] s. ;
_c17 cm.
655 4 _aSłownik łacińsko-polski
710 2 _aWydawnictwo Szkolne PWN
_4pbl.
856 _uhttp://koha.tu.koszalin.pl/cgi-bin/koha/opac-detail.pl?biblionumber=34269
_yKatalog online BPK
942 _2UKD
_cKS
999 _c34269
_d34269